Famous Portuguese People by Picture - Statistics

General Stats
  • This quiz has been taken 66 times
  • The average score is 7 of 15
Answer Stats
Picture Hint Answer % Correct
Perhaps better than Messi Cristiano Ronaldo
96%
Europe to India by Sea Vasco da Gama
88%
Circumnavigation of the Earth Fernão de Magalhães (Magellan)
74%
The Special One José Mourinho
68%
Perhaps better than Pelé Eusébio
66%
Prime Minister / Dictator António Salazar
58%
Founding King Afonso Henriques
42%
King of 2 Kingdoms Pedro I of Brazil / Pedro IV of Portugal
38%
Fado Singer Amália Rodrigues
36%
Os Lusíadas Luís de Camões
34%
1998 Nobel Prize in Literature José Saramago
32%
Author Eça de Queirós
28%
President of the European Commission José Durão Barroso
28%
Captain in the Carnation Revolution Salgueiro Maia
18%
Righteous Among the Nations Aristides de Sousa Mendes
12%
No matching quizzes found
Score Distribution
Percent of People with Each Score
Percentile by Number Answered
Your Score History
You have not taken this quiz